Adobe InDesign 2 Uživatelská příručka

Salvato in:
Dettagli Bibliografici
Autore principale: Vlach, Martin
Altri autori: Švéda, Petr
Natura: Libro
Lingua:ceco
Pubblicazione: Praha Computer Press 2002
Soggetti:
Accesso online:Visualizza in OPAC
Tags: Aggiungi Tag
Nessun Tag, puoi essere il primo ad aggiungerne!!

MARC

LEADER 00000nam a2200000 a 4500
005 20260127134050.0
008 060323 2002 xr 000 0 cze d
020 |a 8072267507 
035 |a vtls008633936 
039 9 |a 200607271450  |b phsnk01  |y 200603231107  |z mschk03 
040 |a STUSCHK1  |b slo  |c STUSCHK1  |e AACR2 
080 |a 681.3.06 
100 1 |a Vlach, Martin 
245 1 |a Adobe InDesign 2  |b Uživatelská příručka 
260 |a Praha  |b Computer Press  |c 2002 
300 |a 311 s. 
650 0 7 |a Adobe InDesign 
700 1 |a Švéda, Petr 
910 |a SCHK95 
919 |a 80-7226-750-7 
999 |c 3295  |d 3295